Suid-Afrikaanse Hofverslae / (Record no. 3262)

MARC details
000 -LEADER
fixed length control field 00477nam a22001577a 4500
005 - DATE AND TIME OF INPUT
control field 20241126070205.0
008 - DATA ELEMENTS--GENERAL INFORMATION
fixed length control field 241126b |||||||| |||| 00| 0 eng d
041 ## - LANGUAGE CODE
Language code of text English/Afrikaans
082 ## - SHELF NUMBER
DDC number 349 SUI
100 ## - MAIN AUTHOR
Language of a work English/Afrikaans
245 ## - TITLE STATEMENT
Title Suid-Afrikaanse Hofverslae /
Statement of responsibility, etc. AF Russell
260 ## - PUBLICATION, DISTRIBUTION, ETC.
Place of publication, distribution, etc. Johannesburg:
Name of publisher, distributor, etc. Digma Publications,
Date of publication, distribution, etc. 1973
300 ## - PHYSICAL DESCRIPTION
Other physical details xxxiv, 416 pages;
Dimensions 25 cm.
650 ## - SUBJECT`
Broad subject Legal practice
Own subject terms Law
942 ## - ADDED ENTRY ELEMENTS (KOHA)
Item type Books
942 ## - ADDED ENTRY ELEMENTS (KOHA)
-- ALISON_BN_VRIES

No items available.